opac-header

Evolution of ore-bearing precambrian structures (Record no. 34468)

MARC details
000 -LEADER
fixed length control field 00542nam a22001697a 4500
008 - FIXED-LENGTH DATA ELEMENTS--GENERAL INFORMATION
fixed length control field 230525b |||||||| |||| 00| 0 eng d
020 ## - INTERNATIONAL STANDARD BOOK NUMBER
International Standard Book Number 81-204-0881-0
040 ## - CATALOGING SOURCE
Original cataloging agency National Science Library
Transcribing agency National Science Library
080 ## - UNIVERSAL DECIMAL CLASSIFICATION NUMBER
Universal Decimal Classification number 551.71/.72+553.3/.9
Item number N5
100 ## - MAIN ENTRY--PERSONAL NAME
Personal name Kazansky, V I
9 (RLIN) 9880
245 ## - TITLE STATEMENT
Title Evolution of ore-bearing precambrian structures
260 ## - PUBLICATION, DISTRIBUTION, ETC.
Place of publication, distribution, etc. New Delhi:
Name of publisher, distributor, etc. Oxford & IBH Publishing Co. Pvt. Ltd.,
Date of publication, distribution, etc. 1993
300 ## - PHYSICAL DESCRIPTION
Extent viii, 307p.
490 ## - SERIES STATEMENT
Series statement IIUGS UNESCO project
Volume/sequential designation 247
650 ## - SUBJECT ADDED ENTRY--TOPICAL TERM
Topical term or geographic name entry element Science
942 ## - ADDED ENTRY ELEMENTS (KOHA)
Source of classification or shelving scheme Universal Decimal Classification
Koha item type Books
Holdings
Withdrawn status Lost status Source of classification or shelving scheme Damaged status Not for loan Home library Current library Shelving location Date acquired Total Checkouts Full call number Barcode Date last seen Price effective from Koha item type
    Universal Decimal Classification     National Science Library National Science Library GF/Rk-10/C-1/R-4 22/12/1994   551.71/.72+553.3/.9 N5 175468 25/05/2023 22/12/1994 Books